000 00871nam a2200301 a 4500
003 AR-BaBNM
005 20251128205011.0
008 082120s2002 ||||||||||||||000 | spa||
020 _a950-16-6490-2
040 _cAR-BaBNM
100 1 _aGiacchino de Ribet, María Isabel
245 0 0 _aEducación sexual para adolescentes
_ben búsqueda de respuestas
250 _a1ª ed.
260 _aBuenos Aires
_bTroquel
_c1995
300 _a125 p.
_bil., diagr.
490 0 _aTroquel Educación. Contenidos transversales
650 4 _aEDUCACION SEXUAL
650 4 _aTECNICAS DIDACTICAS
650 4 _aENFERMEDADES
650 4 _aSEXUALIDAD
653 _aEDUCACION SECUNDARIA
653 _aTERCER CICLO DE LA EGB
653 _aEDUCACION PARA LA SALUD
700 1 _aMazza de Franco, Marisa
800 1 _aHernaiz, Ignacio
_edirector
942 _cBK
998 _cSILVI
999 _c9644
_d9644